| 000 | 01322nam0a22003131 4500 | ||
|---|---|---|---|
| 001 | rc\4290421 | ||
| 005 | 20130416123542.5 | ||
| 021 |
_aRU _b[64-18818] |
||
| 035 | _a(NLR Aleph) 008495812 | ||
| 090 |
_a8077895 _c8077894 |
||
| 100 | _a20130416d1964 |||y0rusy50 ca | ||
| 101 | 0 | _arus | |
| 102 | _aRU | ||
| 105 | _aa z ||||| | ||
| 200 | 1 |
_aБиологическая защита судовых реакторов _fПод ред. д-ра физ.-мат. наук Д.Л. Бродера |
|
| 210 |
_aЛенинград _cСудостроение _d1964 |
||
| 215 |
_a411 с. _cчерт. _d22 |
||
| 300 | _aПеред загл. авт.: Д.Л. Бродер, К.К. Попков, С.М. Рубанов | ||
| 320 | _aБиблиогр.: с. 396-408 (271 назв.) | ||
| 606 |
_aСудовые силовые установки, ядерные _xЗащита _xРасчет _2psbo |
||
| 606 |
_aЯдерные реакторы _xЗащита _xРасчет _2psbo |
||
| 700 | 1 |
_aБродер _bД. Л. _gДмитрий Леонидович |
|
| 701 | 1 |
_aРубанов _bС. М. _gСтанислав Михайлович |
|
| 701 | 1 |
_aПопков _bК. К. _gКонстантин Константинович |
|
| 801 | 0 |
_aRU _bNLR _gpsbo |
|
| 801 | 1 |
_aRU _bELAR _2rusmarc |
|
| 852 |
_aNLR _j64-5/1607 |
||
| 942 | _cBOOK | ||
| 980 | _aNB | ||